[Event "MK Cafe Cup-A"]
[Site "Koszalin"]
[Date "1999.08.11"]
[Round "8"]
[White "Poluljahov, Aleksandr"]
[Black "Sutovsky, Emil"]
[Result "1/2-1/2"]
[WhiteElo "2554"]
[BlackElo "2587"]
[Annotator "Ribli,Z"]
[PlyCount "102"]
[EventDate "1999.08.03"]
[EventType "swiss"]
[EventRounds "9"]
[EventCountry "POL"]
[SourceTitle "CBM 073"]
[Source "ChessBase"]
[SourceDate "1999.12.01"]
[SourceVersion "1"]
[SourceVersionDate "1999.12.01"]
[SourceQuality "1"]

{[%mdl 5120]} 1. c4 g6 2. e4 e5 $5 {Die prinzipielle Fortsetzung für Schwarz.
Nach 2...Bg7 3.d4 gelangt er in die Königsindische Verteidigung oder in die
Moderne Verteidigung, während er sich nach 2...c5 3.Nf3 und folgendem d4 auf
den sogenannten Maróczy-Aufbau einlassen muss. Ribli.} 3. d4 (3. Nf3 Bg7 4. d4
exd4 5. Nxd4 Nf6 6. Nc3 O-O 7. Be2 Re8 8. f3 c6 {Das ist eine kritische
Stellung der Variante. Wir haben einen typischen königsindischen Aufbau, aber
Schwarz spielt nicht ...d6, sondern direkt ...d5.}) 3... Nf6 (3... exd4 $6 4.
Qxd4 Nf6 5. Bg5 Be7 6. Nc3 Nc6 7. Qd2 $16) 4. Nf3 (4. dxe5 Nxe4 5. Bd3 Nc5)
4... Bb4+ (4... exd4 5. e5 Bb4+ 6. Bd2 Qe7 $13) 5. Bd2 Bxd2+ (5... Qe7 6. Bxb4
Qxb4+ 7. Qd2 Qxd2+ 8. Nbxd2 exd4 9. e5 Nh5 (9... Ng8 10. Nxd4 f6 $11) 10. Nxd4
O-O 11. O-O-O f6 12. exf6 Nxf6 13. Be2 d6 14. Rhe1 {...41. 1-0 Huebner,R-Stohl,
I/Germany 1996/GER-chT (21)}) 6. Qxd2 Qe7 $146 {Schwarz hält die Spannung in
der Stellung und die Dame möchte im folgenden nach b4 ziehen.} (6... Nxe4 7.
Qe3 d5 (7... f5 8. dxe5 Qe7 9. Nc3 Nxc3 10. Qxc3 Na6 11. Be2 Qb4 12. Qxb4 Nxb4
13. O-O Nc6 14. c5 $14 {1-0 Speelman,J-Hartston,W/Hastings 1978/MCD (42)}) 8.
dxe5 Nc6 9. Na3 (9. Nc3 d4 10. Nxd4 Qxd4 11. Qxe4 Qxe4+ 12. Nxe4 Nxe5 13. f4
Ng4 14. Be2 {1/2-1/2 Speelman,J-Sax,G/Hastings 1977/MCD (14)}) 9... Bf5 10. Nc2
Ng5 11. Nxg5 Bxc2 12. e6 Bf5 13. exf7+ Kf8 14. O-O-O d4 15. Qf4 Qe7 16. g4 h6
17. Nh3 Be6 18. Re1 g5 19. Qg3 Qxf7 20. b3 a5 21. Bg2 Bxc4 22. Bxc6 bxc6 23.
bxc4 Qxc4+ 24. Kb1 d3 25. Qe5 Rb8+ 26. Ka1 Rh7 27. Re4 Qc2 28. Rhe1 Kg8 29.
Qe6+ Rf7 30. Qg6+ {time. 1-0 Portisch,L-Sax,G/Rio de Janeiro 1979/IZT (30)}) (
6... exd4 $6 7. e5 Ne4 8. Qxd4 {[%csl Re4]} Ng5 9. Nxg5 Qxg5 10. f4 Nc6 11. Qf2
Qd8 12. Nc3 O-O 13. O-O-O $16) 7. dxe5 (7. Nc3 $6 exd4 {[%cal Gf6e4,Ge7e4]} 8.
Qxd4 Nc6 $11) 7... Nxe4 8. Qe3 (8. Qd4 Qb4+ (8... Nc5 9. Nc3 Nc6 10. Qe3 $14) (
8... f5 9. exf6 Nxf6+ 10. Be2 Nc6 $11) 9. Nbd2 Nxd2 10. Qxd2 {Mit
Zugumstellung haben wir die Partiefortsetzung.}) 8... Qb4+ (8... f5 9. exf6
Nxf6 10. Qxe7+ Kxe7 11. Nc3 $14) 9. Nbd2 Nxd2 {9...Qxb2? geht nicht wegen 10.
Rb1 mit Gewinn.} 10. Qxd2 Qxd2+ 11. Kxd2 {Weiss hat positionellen Druck und
bessere Entwicklung, aber die Damen sind schon nicht mehr auf dem Brett und
Schwarz hat keine besonderen Schwächen.} b6 12. h4 $36 {[%cal Gh4h5,Gh1h8] Der
Turm steht in seiner Ausgangsposition aktiv. Weiss sucht mit 13.h5 aktive
Möglichkeiten am Königsflügel.} h6 (12... h5 $143 $6 {[%csl Yg5]}) 13. Nd4 {
[%cal Gd4b5,Gb5c7]} (13. h5 $143 $6 g5 $132) 13... Bb7 14. Nb5 Na6 {[%csl Gb5]}
15. Kc3 $14 {Weiss hat eine aktive Stellung und sein e-Bauern ist besonders
unangenehm für Schwarz.} O-O 16. Re1 (16. Rd1 $5 $14) 16... Rae8 {[%cal Ge8e1]}
17. Bd3 {Weiss opfert einen Bauern für Aktivität.} (17. Nxa7 $2 c6 {[%csl Ra7]}
) 17... Bxg2 18. Rhg1 Bf3 (18... Bb7 19. f4 $44 (19. h5 g5 20. f4 f6 $13)) 19.
Re3 Bh5 {[%csl Gh5] Der Läufer verteidigt die schwarze Königsstellung
zuverlässig.} 20. b4 $44 {Weiss hat ausreichende Kompensation für den Bauern.
Er entfaltet aktives Figurenspiel und kontrolliert mehr Raum. Es gibt wenig
Harmonie zwischen den schwarzen Leichtfiguren. Weiss hat aber noch keine
konkreten Drohungen.} Re7 (20... f5 $5) 21. a3 Rfe8 22. f4 Kf8 $6 (22... d6 $5
$15 23. Rge1 (23. Nxa7 Nb8 24. Rge1 $2 c6 $17) (23. Nd4 dxe5 24. Nc6 (24. Nf5
Re6 25. Nxh6+ Kg7 $17) 24... Re6 $17)) 23. Reg3 Kg7 24. Be4 (24. Nxa7 $13 c6 $6
25. c5 $36) 24... d6 {[%cal Ge8e4]} 25. Nxa7 (25. Bc6 dxe5 26. fxe5 (26. Bxe8
exf4 27. Rd3 Rxe8 28. Nxa7 Kf6 $15) 26... Rd8 $15) 25... dxe5 26. f5 $13 {
[%cal Gg1g7]} Nb8 (26... c5 27. Nc6 cxb4+ 28. axb4 Rc7 29. Ra1 $44) 27. Rf1 {
[%cal Rf5f6,Rf6g7,Rf6e7]} f6 {Schwarz opfert den Bauern zurück, befreit sich
aber von den Unannehmlichkeiten am Königsflügel.} (27... Nd7 28. Nc6 Nf6 29.
Bh1 Rd7 30. a4 $44) 28. fxg6 {Weiss muss den Bauern nehmen, sonst spielt
Schwarz 28...g5.} Rd8 {[%cal Gd8d1]} 29. Rd3 (29. Rf5 Rd4 $132) 29... Rxd3+ 30.
Kxd3 Rd7+ 31. Ke3 Rd4 $15 {[%csl Gd4] Die Stellung ist materiell gleich, aber
jetzt hängen schon g6 und c4.} (31... Bxg6 $4 32. Rg1 $18 {[%csl Rg6][%cal
Rg1g7]}) 32. Rg1 Rxc4 33. Nc8 {[%csl Gc8][%cal Gc8e7,Ge7f5]} Nc6 (33... Rc3+
34. Kd2 Rxa3 35. Ne7 $132 {[%cal Re7f5,Rf5g7]}) 34. Bd5 (34. Bxc6 Rxc6 35. Ne7
Rc3+ 36. Kd2 Rf3 $15) 34... Rc3+ 35. Kd2 Nd4 $8 {[%csl Gd4]} 36. Kxc3 (36. Ne7
$2 Rxa3 $19) 36... Ne2+ {[%cal Re2g1,Re2c3]} 37. Kd2 Nxg1 {Schwarz hat einen
Bauern mehr und der g-Bauer ist auch nicht haltbar, aber Weiss hat einen
potentiellen Freibauern in der a-Linie und davon sind die schwarzen Figuren
weit entfernt.} 38. a4 $132 {[%csl Ga4][%cal Ga4a5,Ga5a6,Ga6a7,Ga7a8]} Nf3+ (
38... Bf3 39. Ne7 Bxd5 (39... Kf8 40. g7+ Kxg7 41. Ke3 $132) 40. Nxd5 Nf3+ 41.
Kd3 $132) 39. Kc3 Nd4 40. Ne7 (40. a5 c6 41. Bg2 bxa5 42. bxa5 Be2 43. Ne7 f5
44. Bxc6 $132) 40... f5 (40... Kf8 $5 41. Ng8 Bxg6 42. Nxf6 Ke7 $15) 41. a5 Kf6
42. Nc6 (42. a6 $2 Kxe7 43. a7 Nb5+ $19 {[%cal Rb5a7,Rb5c3]}) 42... Nb5+ (42...
Nxc6 43. Bxc6 bxa5 44. bxa5 Be2 45. h5 $11 {[%csl Ga5,Gc6,Gg6] Weiss hat einen
Bauern weniger, aber der a-Bauer bindet den schwarzen Läufer und der g-Bauer
den König. Weiss kann daher die Partie halten.}) 43. Kc4 Be2+ 44. Kb3 Nd4+ 45.
Nxd4 exd4 {Der weisse a- Bauer rettet die Partie.} 46. h5 {[%csl Gg6,Gh5]} f4 (
46... bxa5 47. bxa5 f4 48. Kc2) (46... d3 $2 47. Kc3) 47. Kc2 bxa5 48. bxa5 f3
(48... Ba6 49. Bc6 $11) (48... Bb5 49. Bb7 $132 {[%csl Ga5][%cal Ra5a6,Ra6a7,
Ra7a8]}) 49. Kd2 c5 50. Ke1 d3 $11 (50... c4 $2 51. a6 c3 52. a7 c2 53. Kd2 f2
54. a8=Q c1=Q+ 55. Kxc1 f1=Q+ {[%csl Gd5,Rf6,Gg6]} 56. Kb2 $18) 51. a6 (51. Kd2
$2 f2 $19) 51... d2+ {Und die Partie wurde hier Remis gegeben. Nach forcierten
Vereinfachungen geht gar nichts mehr.} (51... d2+ 52. Kxd2 Bxa6 53. Bxf3 $11)
1/2-1/2

[Event "Morso"]
[Site "Morso"]
[Date "2002.02.12"]
[Round "4"]
[White "Sokolovs, Andrei"]
[Black "Aronian, Levon"]
[Result "1/2-1/2"]
[WhiteElo "2512"]
[BlackElo "2584"]
[Annotator "Ribli,Z"]
[PlyCount "46"]
[EventDate "2002.02.09"]
[EventType "tourn"]
[EventRounds "9"]
[EventCountry "DEN"]
[EventCategory "10"]
[SourceTitle "CBM 088"]
[Source "ChessBase"]
[SourceDate "2002.03.21"]
[SourceVersion "1"]
[SourceVersionDate "2002.03.21"]
[SourceQuality "1"]

1. c4 g6 2. Nf3 Bg7 3. e4 e5 {Das ist eine prinzipielle Entscheidung - nach 3..
.c5 4.d4 cxd4 5.Nxd4 kommen wir in die Maroczy - Variante der Sizilianischen
Verteidigung, in der Weiß leichten aber dauerhaften Vorteil behält.} 4. d4 exd4
5. Nxd4 Nf6 6. Bd3 (6. Nc3 O-O 7. Be2 Re8 8. f3 c6 {[%cal Gd7d5] Dieser Zug
ist die Pointe des schwarzen Spiels - er möchte direkt und ohne Zeitverlust
d7-d5 durchsetzen.}) 6... O-O 7. O-O c6 (7... d5 $5 8. cxd5 c6) 8. Nc3 d5 9.
cxd5 (9. exd5 cxd5 10. Bg5 (10. cxd5 Nxd5 11. Be4 Nxc3 12. bxc3 Qa5 13. Rb1
Qxa2 14. Be3 Qc4 {1/2-1/2 Vokac,M-Gross,S/Bratislava 1991/EXT 97 (23)}) 10...
dxc4 11. Bxc4 h6 12. Bh4 a6 13. Bb3 Nbd7 14. Qc2 Nc5 15. Rad1 Qb6 16. Bc4 Bg4
17. Rd2 g5 18. Bg3 {1-0 Uhlmann,W-Jansa,V/Linz 2000/EXT 2001 (37)}) 9... Nxd5
$146 {[%mdl 4] Das Schlagen des Bauern mit dem Springer kommt etwas
überraschend, ist jedoch nicht schlecht. Der bislang übliche Zug 9...cxd5 ist
aber auch gut spielbar.} (9... cxd5 10. exd5 Nxd5 11. Be4 Nxc3 12. bxc3 Qa5 13.
Qb3 Nd7 14. Qa3 Qxa3 15. Bxa3 Re8 16. Rfe1 Bf8 17. Bxf8 Kxf8 18. Bf3 Rxe1+ 19.
Rxe1 Nc5 20. Re5 Ne6 21. h4 Rb8 22. Nb5 a6 23. Nd6 b6 24. Be2 {1/2-1/2
Petrosian,T-Adorjan,A/Sochi 1977/EXT 99 (24)}) 10. exd5 Bxd4 11. Be4 {Weiß hat
Entwicklungsvorsprung und etwas Initiative. Die schwarz Stellung weist jedoch
keine Schwächen auf.} Be5 (11... Bg7 12. Bf4 $14 (12. Qf3 $14)) 12. Be3 (12. f4
) 12... Re8 13. Bd4 Bd6 (13... Bxd4 14. Qxd4 $14 {[%csl Rf6][%cal Gd4h8]}) 14.
dxc6 Nxc6 15. Bxc6 bxc6 $11 {Weiß hat die bessere Bauernstruktur, denn der Pc6
ist theoretisch schwach. Andererseits besitzt Schwarz das Läuferpaar -
insofern befindet sich diese Stellung in einem dynamischen Gleichgewicht.} 16.
Re1 (16. Qd2 Qh4 17. g3 (17. f4 Bf5 $15) 17... Qh5 $15 {[%csl Gh5]}) 16...
Rxe1+ 17. Qxe1 Bxh2+ $1 {[%mdl 64] Mit dieser kleinen Kombination gewinnt
Schwarz einen Bauern.} (17... Bf5 $11) 18. Kxh2 Qxd4 19. Qe8+ Kg7 20. Rd1 $1 {
Die Aktivität der weißen Figuren (und das Eindringen des Turms auf d8) ist
wichtiger als die Eroberung des Bauern auf c6.} (20. Qxc6 Rb8 $15) 20... Qxf2
21. Rd8 {[%csl Rc8][%cal Re8a8]} Qf4+ (21... Qf5 {Dieser Zug wäre zu riskant -
Schwarz hätte zwar zwei Mehrbauern, aber Weiß bekäme zu starken Angriff.} 22.
Qf8+ Kf6 23. Rd4 {[%cal Rc3e4,Re4f6]} Qe5+ 24. g3 Bb7 (24... Qxd4 25. Qh8+ $18)
25. Rd6+ Kg5 26. Qxf7 $40) 22. Kg1 Qc1+ 23. Kh2 Qf4+ {Und Remis durch
Dauerschach.} 1/2-1/2

[Event "Tatran Cup"]
[Site "Stary Smokovec"]
[Date "1990.??.??"]
[Round "1"]
[White "Razuvaev, Yuri S"]
[Black "Salai, Ladislav"]
[Result "1-0"]
[WhiteElo "2570"]
[BlackElo "2450"]
[Annotator "Ribli,Z"]
[PlyCount "65"]
[EventDate "1990.??.??"]
[EventType "tourn"]
[EventRounds "11"]
[EventCountry "CSR"]
[EventCategory "10"]
[SourceTitle "CBM 021"]
[Source "ChessBase"]
[SourceDate "1991.04.01"]
[SourceVersion "1"]
[SourceVersionDate "1991.04.01"]
[SourceQuality "1"]

1. c4 f5 2. Nc3 Nf6 3. Nf3 g6 4. d3 Bg7 5. e4 d6 6. exf5 Bxf5 7. d4 O-O 8. Be2
Nc6 9. Be3 Ng4 10. Bg5 h6 11. Bh4 g5 12. Bg3 e5 13. d5 Nd4 14. Nxd4 exd4 15.
Nb5 c6 16. Nxd6 Nxf2 $1 17. Bxf2 Qxd6 18. O-O c5 (18... cxd5 19. Bxd4 dxc4 20.
Bxc4+ Kh7 21. Bxg7 Qxd1 22. Raxd1 Kxg7 $10) 19. Bg3 Be5 20. Bd3 $1 Bxg3 21.
hxg3 Qe5 (21... Bxd3 22. Qxd3 Rae8 23. Rxf8+ Rxf8 24. Re1 Rf6 25. Kh2) 22. Qd2
Bd7 23. Kh2 Rxf1 24. Rxf1 b6 25. Qf2 $1 Qg7 26. Bf5 Re8 27. Bxd7 Qxd7 28. Qf6
Qg7 29. Qc6 Re7 30. d6 Rd7 31. Qd5+ Kh8 32. Qe6 Kh7 33. Rf6 1-0

[Event "FRA-ch Prelim Gr-B"]
[Site "Besancon"]
[Date "1999.08.19"]
[Round "4"]
[White "Lepelletier, Benoit"]
[Black "Bauer, Christian"]
[Result "0-1"]
[WhiteElo "2468"]
[BlackElo "2480"]
[Annotator "Ribli,Z"]
[PlyCount "68"]
[EventDate "1999.08.16"]
[EventType "tourn"]
[EventRounds "7"]
[EventCountry "FRA"]
[EventCategory "10"]
[SourceTitle "CBM 073"]
[Source "ChessBase"]
[SourceDate "1999.12.01"]
[SourceVersion "1"]
[SourceVersionDate "1999.12.01"]
[SourceQuality "1"]

{[%mdl 18432]} 1. c4 b6 {Dieser Zug wird relativ selten gespielt. Schwarz
möchte die wichtigsten Zentrumsfelder mit dem b7-Läufer kontrollieren. Ribli.}
2. Nc3 Bb7 3. e4 (3. d4 e6 4. a3 {Meines Erachtens wäre dies die prinzipielle
Variante für Weiss. Im folgenden kann er d4-d5 ziehen. Der Zug 4.a3 ist dabei
gegen die mögliche Fesselung 4...Bb4 gerichtet.}) 3... e6 4. g3 {Das ist noch
eine theoretische Empfehlung, gefällt mir aber nicht. Weiss schwächt mit
diesem Zug die lange Diagonale.} f5 {[%cal Gb7h1]} 5. Bg2 Nf6 (5... fxe4 $2 6.
Nxe4 $14 {In diesem Fall ist der b7-Läufer nicht verteidigt und es droht 7.
Nf6+.}) 6. d3 $1 {Smejkal} (6. Nge2 Nxe4 7. Nxe4 Bxe4 8. Bxe4 fxe4 9. Nc3 $6
Qf6 $1 10. Qg4 Nc6 11. O-O $1 Be7 12. Qxe4 O-O 13. d3 Bb4 14. Ne2 Bc5 15. Kg2
Rad8 16. Nf4 Rfe8 $1 {0-1 Gomez Esteban,J-Speelman,J/Pamplona 1996/CBM 57/
[Speelman,J] (40)}) 6... fxe4 (6... Bb4 7. Nge2 O-O 8. O-O fxe4 9. dxe4 Nc6 10.
h3 Rb8 11. a3 Bxc3 12. Nxc3 Qe8 13. Be3 Qg6 14. Qe2 d6 15. Rad1 h5 16. b4 Rf7
17. c5 dxc5 18. bxc5 Ne7 19. Qc4 e5 20. Rd2 Rbf8 21. Rfd1 $14 {0-1 Cekro,
E-Welling,G/Antwerp 1998/EXT 99 (43)}) 7. Nxe4 $6 {Dieser automatische Zug ist
unglücklich. Im folgenden erringt Schwarz mit natürlichen Zügen die Initiative.
} (7. Nge2 $1 Bc5 (7... Nc6 8. Nxe4 Bb4+ 9. Bd2 Bxd2+ 10. Qxd2 O-O 11. O-O Rb8
12. d4 Na5 13. Nxf6+ Qxf6 14. Rac1 Bxg2 15. Kxg2 Nc6 16. f4 Ne7 17. Ng1 c5 18.
dxc5 bxc5 19. b3 Nf5 20. Nf3 $14 {1-0 Smejkal,J-Speelman,J/BL98/99
Solingen-Passau 1999/ (29)}) 8. O-O O-O 9. Bg5 $1 Be7 (9... h6 10. Bxf6 Qxf6
11. d4 $1 $14) 10. dxe4 Ng4 (10... d6 $2 11. Nd4 $16) 11. Bxe7 Qxe7 12. Nd4 Ne5
13. b3 Nbc6 14. Nc2 Nb4 15. Nxb4 (15. Ne3 $5 a5 16. Kh1 $14) 15... Qxb4 16. Rc1
Rad8 (16... Qc5 17. Rc2 Rf7 18. Kh1 Nc6 19. f4 Raf8 20. e5 Qe7 21. Rcf2 Qb4 22.
Ne4 h6 23. Kg1 b5 24. cxb5 Qxb5 25. Qd2 {1/2-1/2 Smejkal,J-Bunzmann,D/BL 1998 
(25)}) 17. f4 Nf7 18. Qd2 a6 19. Rf2 Qe7 20. Rcf1 Bc6 21. Qd3 Qc5 22. Kh1 b5
23. cxb5 axb5 24. Rc2 Qb6 25. Ne2 (25. Rfc1 $5 b4 26. Ne2 Bb5 27. Qd2 $14)
25... e5 26. Nc3 b4 27. Nd5 Bxd5 28. Qxd5 {1/2-1/2 Smejkal,J-Kengis,E/Prague
1993/CBM 37/[Ribli] (46)}) (7. dxe4 Bb4 $1 (7... Bc5 8. Nge2 O-O 9. O-O Nc6 $11
)) 7... Nxe4 8. dxe4 Qf6 $1 $15 {[%cal Rf8b4,Rb4e1] Die Dame steht aktiv auf
f6 und es droht 9...Bb4+.} 9. Qc2 (9. a3 Nc6 10. Nf3 Bc5 11. O-O Ne5 12. Nxe5
Qxe5 13. Rb1 O-O-O 14. b4 Bd4 15. Qd3 d6 16. Rd1 c5 17. Be3 Bxe3 18. Qxe3 g5
19. Rd2 h6 20. Rbd1 Rhf8 {0-1 Cekro,E-Groffen,H/Antwerp 1997/EXT 99 (70)}) 9...
Nc6 {[%csl Yd4][%cal Gf8c5,Gc5f2] Die schwarze Stellung ist sehr bequem. Er
ist besser entwickelt und kontrolliert das Feld d4.} (9... Bb4+ 10. Bd2 Bxd2+
11. Qxd2 O-O $15) 10. Nf3 Bc5 {[%csl Yd4][%cal Gc5f2] Der schwarze Läufer
steht ausgezeichnet auf c5 und kontrolliert die Diagonale a7-g1.} 11. O-O O-O {
[%cal Gf8f2,Gc5g1]} 12. Bf4 (12. e5 Qf7 $15 (12... Qf5 $15) (12... Nxe5 13. Ng5
{[%cal Rc2h7,Rg2b7]} Bxf2+ 14. Qxf2 (14. Kh1 Bxg2+ 15. Kxg2 Qf5 16. Qxf5 Rxf5
17. Rxf2 Rxf2+ 18. Kxf2 Nxc4 $13) 14... Qxf2+ 15. Rxf2 Rxf2 16. Bxb7 Raf8 $13))
12... e5 13. Bd2 h6 {Schwarz sichert das Feld g5. Er plant ...Rf7/...Raf8 mit
positionellem Druck in der f-Linie.} (13... Nd4 14. Nxd4 Bxd4 15. Bc3 $15) 14.
Bc3 Rf7 {[%cal Ga8f8,Gf8f2]} 15. Kh1 Qe6 {[%cal Re6c4]} 16. Qd3 (16. b3 Raf8
$40) 16... Raf8 17. Rad1 g5 {Mit diesem Zug gewinnt Schwarz Raum am
Königsflügel. Die Schwächung seiner Königsstellung ist dabei unbedeutend.} 18.
b3 a5 {[%csl Gc5] Schwarz sichert die Läuferstellung auf c5. Weiss kann nur
abwarten.} 19. Rd2 d6 20. h3 {[#]} Rxf3 $1 $17 {Schwarz opfert die Qualität,
aber bekommt sofort zwei Bauern mit Schach und überzeugenden Angriff.} 21. Bxf3
Qxh3+ 22. Kg1 Qxg3+ {[%cal Gc5g1]} 23. Bg2 Qg4 {Natürlich taucsht Schwarz
nicht die Damen.Er hat chancenreichen Angriff am Königsflügel.} (23... Qh4 $17)
24. Qe2 (24. Qh3 Qxh3 25. Bxh3 Rf3 {[%cal Rf3c3,Rf3h3]} (25... Bd4 $17) 26.
Be6+ Kg7 27. Bb2 Nb4 $19 {[%csl Rf2][%cal Rb7e4,Rb4d3,Rd3f2]}) 24... Qh4 25.
Rd3 g4 {[%csl Rg1][%cal Rg4g3,Rc5g1] Es droht der tödliche Zug 25...g3 mit
sofortigem Gewinn.} 26. Re3 Nd4 $5 {[%csl Gd4] Dieser Zug ist noch stärker als
der sofortige Materialgewinn mit 26...Bxe3.} (26... Bxe3 27. Qxe3 Nd8 $19 {
[%cal Gd8e6,Ge6f4,Ge6g5]}) 27. Bxd4 Bxd4 {[%csl Gd4]} 28. Rd1 Bxe3 29. Qxe3 Qf6
$19 {Schwarz hat zwei klare Mehrbauern und Angriff am Königsflügel. Die weisse
Stellung ist hoffnungslos.} 30. Qg3 h5 {Es droht 31...Qg5 nebst 32...h4.} 31.
Rd3 Qg5 32. f3 Rf4 {[%csl Rg1,Rg3][%cal Rh5h4,Rh4g3]} 33. fxg4 Rxg4 {[%csl Rg1,
Rg2,Rg3][%cal Rg5g1]} 34. Kh2 Kh7 $1 {Weiss gab auf. Er verliert weiteres
Material.} (34... Kh7 $1 35. Qf2 Rxg2+ 36. Qxg2 Qxg2+ 37. Kxg2 Bxe4+ $19 {
[%cal Re4d3,Re4g2]}) (34... Rxg3 35. Rxg3 {[%cal Rg3g8]} Qxg3+ 36. Kxg3 Kg7 $17
) 0-1

[Event "London WFW"]
[Site "London"]
[Date "1991.??.??"]
[Round "?"]
[White "King, Daniel J"]
[Black "Plaskett, H James"]
[Result "1/2-1/2"]
[WhiteElo "2545"]
[BlackElo "2480"]
[Annotator "Ribli,Z"]
[PlyCount "40"]
[EventDate "1991.05.??"]
[EventType "tourn"]
[EventRounds "13"]
[EventCountry "ENG"]
[EventCategory "11"]
[SourceTitle "CBM 024"]
[Source "ChessBase"]
[SourceDate "1991.10.01"]
[SourceVersion "1"]
[SourceVersionDate "1991.10.01"]
[SourceQuality "1"]

1. c4 b6 2. Nf3 Bb7 3. g3 Bxf3 $1 4. exf3 c5 5. d4 Nc6 $5 (5... cxd4 6. Qxd4
Nc6 7. Qd2 $2 (7. Qd1 $1 e6 8. Bg2 Rc8 9. Nd2 Ne5 10. Qe2 Qc7 11. b3 Nd3+ $2
12. Qxd3 Qe5+ 13. Ne4 Bb4+ 14. Ke2 Qxa1 15. Qc2 Qe5 16. Bb2 Qf5 17. Bxg7 $18 {
Ribli-Gutman BL 1987/88}) 7... e6 8. Nc3 Rc8 9. b3 Qf6 10. f4 d5 $1 11. Bb2 d4
12. Ne4 Qg6 $17 {Titz,H-Kengis,E Wien op 1990 CBM/21}) 6. d5 (6. dxc5 $5 bxc5
7. Bg2 g6 8. O-O Bg7 9. f4 Rc8 10. Nc3 $13) 6... Nd4 7. Be3 Nf5 8. Bd2 g6 9.
Bc3 Bg7 10. Bxg7 Nxg7 11. f4 Nh6 12. Nd2 O-O 13. Bh3 e6 14. Nf3 Qf6 15. Rb1 d6
16. dxe6 Qe7 $1 17. O-O fxe6 18. Re1 Nhf5 19. Qe2 Rae8 20. Qd2 Qf6 1/2-1/2

[Event "London WFW"]
[Site "London"]
[Date "1991.??.??"]
[Round "?"]
[White "Davies, Nigel Rodney"]
[Black "Plaskett, H James"]
[Result "1/2-1/2"]
[WhiteElo "2500"]
[BlackElo "2480"]
[Annotator "Ribli,Z"]
[PlyCount "89"]
[EventDate "1991.05.??"]
[EventType "tourn"]
[EventRounds "13"]
[EventCountry "ENG"]
[EventCategory "11"]
[SourceTitle "CBM 024"]
[Source "ChessBase"]
[SourceDate "1991.10.01"]
[SourceVersion "1"]
[SourceVersionDate "1991.10.01"]
[SourceQuality "1"]

1. c4 b6 2. Nc3 e6 3. Nf3 Bb7 4. g3 Bxf3 5. exf3 c5 6. d4 Nc6 $6 (6... cxd4 $1
7. Qxd4 Nc6 $13) 7. d5 Nd4 8. Be3 Nf5 9. Bh3 Ngh6 10. Qa4 $1 g6 11. O-O Nxe3
12. fxe3 exd5 13. Rad1 $1 $16 Bg7 14. Rxd5 f5 15. Rfd1 O-O 16. Qxd7 (16. Rxd7
$5) 16... Qxd7 17. Rxd7 Bxc3 18. bxc3 Rae8 19. Kf2 (19. R1d3 $5) 19... Ng4+ 20.
Bxg4 fxg4 21. f4 Re4 22. Rxa7 Rfe8 23. h3 Rxe3 24. hxg4 Re2+ 25. Kf1 h5 26.
gxh5 gxh5 27. Ra8 $1 Rxa8 28. Kxe2 Rxa2+ 29. Ke3 Rg2 30. Kf3 Rc2 31. Rd3 Kf7
32. Ke4 Kf6 33. Rd6+ Kg7 34. Rd3 Kf6 35. Re3 Rg2 36. Kd5 Kf5 37. Re5+ Kg6 38.
Rg5+ Kh6 39. Kc6 Rb2 40. Rd5 (40. g4 $1 hxg4 41. Rxg4 Kh5 42. Rg3 $1 Kh4 43.
Rg1 $18 Rb3 44. f5 Rxc3 45. Rf1 Ra3 46. f6 Ra8 47. f7 Rf8 48. Kxb6 $18) 40...
Rb3 41. Rd3 Kg6 42. Re3 Kf5 43. Kd5 Kg4 44. Ke6 $2 (44. Ke5 $1) 44... h4 45.
gxh4 1/2-1/2

[Event "Salamanca"]
[Site "Salamanca"]
[Date "1990.??.??"]
[Round "8"]
[White "Sunye Neto, Jaime"]
[Black "Sanz Alonso, Francisco Javier"]
[Result "1/2-1/2"]
[WhiteElo "2470"]
[BlackElo "2450"]
[Annotator "Ribli,Z"]
[PlyCount "83"]
[EventDate "1990.02.??"]
[EventType "tourn"]
[EventRounds "9"]
[EventCountry "ESP"]
[EventCategory "9"]
[SourceTitle "CBM 018"]
[Source "ChessBase"]
[SourceDate "1990.10.01"]
[SourceVersion "1"]
[SourceVersionDate "1990.10.01"]
[SourceQuality "1"]

1. c4 f5 2. Nc3 c6 3. d4 g6 4. h4 $5 Nf6 5. h5 Nxh5 6. e4 {/\ Rxh5} Nf6 7. e5
Ne4 8. Nxe4 fxe4 9. Nh3 Bg7 10. Ng5 c5 11. Qg4 cxd4 12. Nxh7 Qb6 {12...Qa5+ 13.
Bd2, Qxe5 14.Qxg6+, Kd8 15.Rh5 +/-} 13. Nf6+ exf6 14. Qxg6+ Kd8 15. Rxh8+ {
15.Qxg7?, Rxh1 16.exf6, Qb4+ 17.Bd2, Qxc4 -/+} Bxh8 16. Qg8+ Kc7 17. Qxh8 Qa5+
18. Bd2 Qxe5 19. Qh4 d6 20. c5 $1 Nc6 21. Rc1 e3 22. cxd6+ Kxd6 23. fxe3 Bf5 $1
{23...dxe3 24.Bc3 +/=} 24. Kf2 dxe3+ 25. Bxe3 Qxb2+ 26. Kg1 Re8 27. Qc4 Be6 28.
Qd3+ Kc7 29. Qh7+ Bd7 30. Rb1 Qe5 31. Bf2 {31.Rxb7+, Kxb7 32.Qxd7+, Kb8 -/+}
Re7 32. Qg8 Be6 33. Qa8 Bc8 34. Rb3 Rg7 35. Bxa7 Nxa7 36. Qxa7 Rg4 37. Qb6+ Kb8
38. Rd3 Rh4 39. Qd6+ Qxd6 40. Rxd6 Ra4 41. Rxf6 Rxa2 42. Rf4 1/2-1/2